000 00328nam a2200133Ia 4500
005 20260328104340.0
008 260328s9999||||xx |||||||||||||| ||und||
100 _aMestre, Octavio
245 0 _aLa Arquitectura Como Misterio /
_cOctavio Mestre
260 _bPlataforma
300 _a277 p.
650 _aTEORÍA
942 _cBK
999 _c12067
_d12067